Historia de Chile: desde la invasión incaica hasta nuestros días 1500-2000

Gorde:
Xehetasun bibliografikoak
Egile nagusia: Ramón, Armando de (Egilea)
Formatua: Liburua
Hizkuntza:gaztelania
Argitaratua: Santiago Catalonia 2006
Edizioa:4a. ed
Gaiak:
Etiketak: Etiketa erantsi
Etiketarik gabe, Izan zaitez lehena erregistro honi etiketa jartzen!

MARC

LEADER 00000nam a2200000 a 4500
001 UCH0581
003 CL-VaPUC
008 090320e20060000CL |||||||||||||||||spa|d
020 |a 9568303049 
082 0 4 |a 983  |b RAM  |2 21 
100 0 |a Ramón, Armando de  |e author  |9 466218 
245 1 0 |a Historia de Chile: desde la invasión incaica hasta nuestros días 1500-2000 
250 |a 4a. ed 
300 |a 316 p 
942 |c BK 
945 |d 20090320 00:00:00  |a rbrito 
260 |a Santiago  |b Catalonia  |c 2006 
650 0 |a Historia de Chile  |9 265473 
651 7 |a CHILE  |2 CL-VaPUC  |9 534808 
583 |a last modification  |c 20140401 10:47:18  |k Rodrigo Vera 
999 |c 332864  |d 332862 
952 |0 0  |1 0  |4 0  |6 983_000000000000000_RAM_2006  |7 0  |8 A  |9 420902  |a BIBEDU  |b BIBEDU  |d 2019-11-22  |i 4523431  |l 1  |o 983 RAM 2006  |p 4523431  |r 2023-07-14  |s 2023-07-04  |w 2019-11-22  |y BK  |k EBA 
952 |0 0  |1 0  |4 0  |6 983_000000000000000_RAM_2006  |7 0  |8 X  |9 420903  |a FDOBUD  |b FDOBUD  |d 2019-11-22  |i 4686047  |o 983 RAM 2006  |p 4686047  |r 2019-11-22  |w 2019-11-22  |y BK_X  |k BUD